000 00715nam a2200229Ia 4500
003 GCL
008 140319s9999 xx 000 0 ara d
040 _aGCL /
_cGCL
082 0 4 _a374
_bف س
100 1 _aوهيب سمعان
245 1 0 _aسبل تعليم الكبار /
_cوهيب سمعان
700 1 _aفرنر، كولى
260 _a[S.N] :
_bدار نهضة مصر للطبع والنشر ،
_c1968
300 _a120 ص
490 _aسلسلة العلاقات الانسانية
_v0
650 0 4 _aالتعليم
650 0 4 _aتعليم الكبار
650 0 4 _aمحو الامية
650 0 4 _aالتعليم المهنى
650 0 4 _aالتعليم المستمر
942 _2ddc
_cBK
999 _c27762
_d27762